000 00780nam a2200289Ia 4500
003 OSt
005 20221006141651.0
006 a|||||r|||| 00| 0
007 ta
008 221006b |||||||| |||| 00| 0 jpn d
020 _c¥3350
024 _a3,755
037 _bGift, Japan Foundation
_cTextual
040 _aEASL
_cEASL
_bjpn
041 _2jpn
_ajpn
082 _aO42,3:(S:5), M0.
100 _aYAMATO Waki
_9646021
245 0 _aGenji monogatari
_b Asakiyumemishi
260 _aTokyo
_bKodansha Japan
_c1980
300 _ap.
_ccm.
490 _v V.3JL
500 _aLibrary has: Vol. 1-7, 9-10
650 _a Manga
650 _aJL
942 _hO42,3:(S:5), M0.
_cTEXL
_2CC
999 _c1071841
_d1071841